Najmocnejší spojenec

Bibliographic Details
Main Author: Troyanski, Stefan (Author)
Format: Book
Language:Slovak
PhysicalDescription:57 s. 16 cm
Published: München s.n. 1981

MARC

LEADER 00000nam a2200000 a 4500
001 vtls001176584
003 SK-MaSNL
005 20260301002551.0
008 250414s1981 gw 0 slo
020 |q (brož.) 
035 |a SNK000119580 
040 |a SNK  |b slo  |c SNK  |e AACR2 
041 0 |a slo 
044 |a gw  |c DE 
080 |a 327.5  |2 1981 
100 1 |a Troyanski, Stefan  |4 aut  |9 282592 
245 1 0 |a Najmocnejší spojenec  |c Stefan Troyanski 
260 |a München  |b s.n.  |c 1981 
300 |a 57 s.  |c 16 cm 
852 |a Slovenská národná knižnica 
954 |a politika medzinárodná  |a vzťahy medzinárodné 
958 |a AAR 
958 |a BQ 
958 |a ZS 
958 |a TL 
958 |a OND 
999 |c 537613  |d 539543 
952 |a SNK  |b SNK  |y PREZ  |7 0  |p 17A1021048  |o snkSD 66690  |i snkV 3243/94  |8 2  |0 0  |1 0  |4 0  |d 2020-10-20  |l 0  |r 2026-02-23 12:29:55  |w 2026-02-23